Normal view
MARC view
- William P. Anthony, Pamela L. Perrewe and K. Michele Kacmar
Entry Personal Name
001 - CONTROL NUMBER
- control field: 5448
003 - CONTROL NUMBER IDENTIFIER
- control field: OSt
005 - DATE AND TIME OF LATEST TRANSACTION
- control field: 20230910071114.0
008 - FIXED-LENGTH DATA ELEMENTS
- fixed length control field: 230910|| aca||aabn | a|a d
040 ## - CATALOGING SOURCE
- Original cataloging agency: OSt
- Transcribing agency: OSt
100 ## - HEADING--PERSONAL NAME
- Personal name: William P. Anthony, Pamela L. Perrewe and K. Michele Kacmar
670 ## - SOURCE DATA FOUND
- Source citation: Work cat.: (OSt)3755: 5447 Anthony, William P. , Strategic Human Resource Planning/ , c1993
